Clic Qui gouverne en Europe le 1er janvier 1650 ? - Statistiques

Statistiques générales
  • Ce quiz a été pris 13 fois
  • Le résultat moyen est 16 sur 32
Statistiques - réponses
Hint Réponse % Correct
Empire Ottoman Mehmed IV
100%
Empire russe Alexis 1er
78%
Provinces-Unies Guillaume II d'Orange-Nassau
78%
Royaume de France Louis XIV
78%
Hetmanat cosaque Bogdan Khmelnitski
67%
Duché de Savoie Charles-Emmanuel II
67%
Royaume d'Ecosse Charles II
67%
Royaume de Suède Christine
67%
Grand-duché de Toscane Ferdinand II de Médicis
67%
Duché de Prusse & Electorat de Brandebourg Frédéric-Guillaume Ier de Brandebourg
67%
Etats pontificaux Innocent X
67%
Royaume d'Angleterre Oliver Cromwell
67%
Duché de Modène et Reggio François Ier d'Este
56%
République de Saint-Marin Fulgenzio Maccioni & Federico Tosini
56%
Principauté de Monaco Honoré II
56%
Royaume de Pologne-Lituanie Jean II Casimir Vasa
56%
Principauté d'Andorre (2e coprince) Pau Duran
56%
Royaume d'Espagne Philippe IV
56%
Duché de Parme et Plaisance Ranuce II Farnèse
56%
Franche-Comté Albert et Isabelle d'Autriche
44%
République de Venise Francesco Molin
44%
République de Gênes Giacomo De Franchi Toso
44%
Royaume du Portugal Jean IV
44%
Principauté de Liège Ferdinand de Bavière
33%
Electorat du Palatinat Charles 1er Louis
22%
Duché de Brunswick-Lunebourg Christian-Louis
22%
Saint-Empire Romain Germanique Ferdinand III
22%
Principauté du Liechtenstein Charles-Eusèbe
11%
Royaume de Danemark Frédéric III
11%
Duché de Bavière Maximilien Ier
11%
Landgraviat de Hesse-Cassel Guillaume VI
0%
Electorat de Saxe Jean-Georges 1er
0%
Aucun quiz correspondant
Distribution des résultats
% des personnes avec chaque résultat
Percentile par nombre de réponses
Votre historique - résultats
Vous n’avez pas pris ce quiz